| 000 | 00823aam a2200301 i 4500 | ||
|---|---|---|---|
| 001 | 768714001 | ||
| 003 | CO-MdFUSB | ||
| 005 | 20250502122112.0 | ||
| 007 | ta | ||
| 008 | 250502t1984 sp ||||| |||| 00| 0 spa d | ||
| 020 | _a84-7228-908-7 | ||
| 040 | _cCO-MdFUSB | ||
| 041 | 0 | _aspa | |
| 082 | 0 | 4 |
_223 _a240 _bZ582i |
| 100 | 1 |
_aZerbolt, Gerard (1367-1398) _eautor |
|
| 245 | 1 | 3 |
_aLa imitación de Cristo _c/ Gerard Zerbolt ; traducido por Eliseo Vila |
| 264 | 1 |
_bClie, _aTerrassa, Barcelona, España : _c[1984] |
|
| 264 | 4 | _c©1984 | |
| 300 | _a85 páginas | ||
| 336 |
_atexto _btxt _2rdacontent |
||
| 337 |
_2rdamedia _asin mediación _bn |
||
| 338 |
_2rdacarrier _avolumen _bnc |
||
| 563 | _aRústico | ||
| 653 | _aMeditaciones | ||
| 700 |
_aVila, Eliseo, _94770 _etraductor |
||
| 942 | _cBK | ||
| 945 | _aJTF-925 | ||
| 999 |
_c35334 _d35334 |
||